Causes of regionalism. How ASEAN-China FTA fits the (new) wave of regionalism
Koncepcia regionalizmu. Tri vlny regionalizmu. ASEAN-Čína v kontexte v kontexte regionalizmu východnej Ázie.
Enregistré dans:
| Auteur principal: | |
|---|---|
| Format: | Chapitre de livre |
| Langue: | anglais |
| Sujets: | |
| Tags: |
Pas de tags, Soyez le premier à ajouter un tag!
|
MARC
| LEADER | 00000naa a2200000 4500 | ||
|---|---|---|---|
| 001 | 0231000 | ||
| 005 | 20220805074420.5 | ||
| 041 | 0 | |a eng | |
| 044 | |a SK | ||
| 245 | 1 | 0 | |a Causes of regionalism. How ASEAN-China FTA fits the (new) wave of regionalism |c Ivana Miková |
| 520 | |a Koncepcia regionalizmu. Tri vlny regionalizmu. ASEAN-Čína v kontexte v kontexte regionalizmu východnej Ázie. | ||
| 610 | 2 | 0 | |a ASEAN |
| 610 | 2 | 0 | |a Čína |
| 610 | 2 | 0 | |a obchod voľný |
| 610 | 2 | 0 | |a liberalizácia |
| 610 | 2 | 0 | |a Svetová obchodná organizácia |
| 610 | 2 | 0 | |a dohody medzinárodné |
| 100 | 1 | |a Miková, Ivana | |